[Event "ODJM C 2023"]
[Site "Willingen GER"]
[Date "2023.06.02"]
[Round "8"]
[White "Wissing, Lars"]
[Black "Classen, Miguel"]
[Result "1-0"]
[Termination "normal"]
[Board "15"]
[WhiteElo "1128"]
[BlackElo "1200"]
[WhiteClock "00:41:38"]
[BlackClock "01:19:08"]
[PlyCount "77"]
[WhiteFideId "34660593"]
[BlackFideId "34623825"]
[EventCountry "GER"]
[EventRounds "9"]
[EventType "swiss"]
[EventDate "2023.05.27"]

1. d4 {[%emt 00:00:06]} d5 {[%clk 01:30:55]} {[%emt 00:00:02]} 2. Bf4 {[%clk
01:31:21]} {[%emt 00:00:06]} Nf6 {[%clk 01:31:19]} {[%emt 00:00:06]} 3. Nf3
{[%clk 01:31:45]} {[%emt 00:00:05]} c5 {[%clk 01:31:45]} {[%emt 00:00:05]} 4.
e3 {[%clk 01:32:08]} {[%emt 00:00:07]} Nc6 {[%clk 01:32:12]} {[%emt 00:00:04]}
5. Nc3 {[%clk 01:32:08]} {[%emt 00:00:29]} Qb6 {[%clk 01:32:24]} {[%emt
00:00:18]} 6. Nb5 {[%clk 01:32:20]} {[%emt 00:00:17]} Kd7 {[%clk 01:30:28]}
{[%emt 00:02:27]} 7. Bc7 {[%clk 01:28:42]} {[%emt 00:04:09]} Qa6 {[%emt
00:03:47]} 8. Nc3 {[%clk 01:26:26]} c4 {[%clk 01:30:13]} {[%emt 00:00:13]} 9.
Bf4 {[%clk 01:25:06]} {[%emt 00:01:49]} e6 {[%clk 01:29:33]} {[%emt 00:01:11]}
10. a3 {[%clk 01:14:25]} {[%emt 00:11:12]} Qb6 {[%clk 01:28:43]} {[%emt
00:01:19]} 11. b3 {[%clk 01:07:56]} {[%emt 00:06:58]} cxb3 {[%clk 01:25:41]}
{[%emt 00:03:32]} 12. cxb3 {[%clk 01:04:52]} {[%emt 00:03:34]} Be7 {[%clk
01:23:56]} {[%emt 00:02:16]} 13. Nb5 {[%clk 00:58:55]} {[%emt 00:06:28]} Bd8
{[%clk 01:19:46]} {[%emt 00:04:38]} 14. Bd6 {[%clk 00:51:51]} {[%emt 00:07:35]}
a6 {[%clk 01:19:45]} {[%emt 00:00:32]} 15. Bc5 {[%clk 00:52:02]} {[%emt
00:00:18]} Qa5+ {[%clk 01:17:31]} {[%emt 00:02:44]} 16. b4 {[%clk 00:51:43]}
{[%emt 00:00:48]} Nxb4 {[%clk 01:15:39]} {[%emt 00:02:23]} 17. axb4 {[%clk
00:50:48]} {[%emt 00:01:26]} Qxa1 {[%clk 01:15:32]} {[%emt 00:00:36]} 18. Qxa1
{[%clk 00:51:07]} {[%emt 00:00:12]} b6 {[%clk 01:15:46]} {[%emt 00:00:16]} 19.
Ne5+ {[%clk 00:51:10]} {[%emt 00:00:25]} Ke8 {[%clk 01:16:01]} {[%emt
00:00:16]} 20. Nd6+ {[%clk 00:51:09]} {[%emt 00:00:31]} Kf8 {[%clk 01:15:58]}
{[%emt 00:00:33]} 21. Nxc8+ {[%clk 00:49:52]} {[%emt 00:01:47]} Kg8 {[%clk
01:16:10]} {[%emt 00:00:17]} 22. Nd6 {[%clk 00:49:38]} {[%emt 00:00:43]} bxc5
{[%clk 01:16:21]} {[%emt 00:00:21]} 23. Ndxf7 {[%clk 00:49:52]} {[%emt
00:00:16]} cxb4 {[%clk 01:16:36]} {[%emt 00:00:15]} 24. Nxh8 {[%clk 00:50:10]}
{[%emt 00:00:12]} Kxh8 {[%clk 01:16:59]} {[%emt 00:00:07]} 25. Nf7+ {[%clk
00:50:33]} {[%emt 00:00:07]} Kg8 {[%clk 01:17:21]} {[%emt 00:00:09]} 26. Nxd8
{[%clk 00:51:00]} {[%emt 00:00:03]} Rxd8 {[%clk 01:17:38]} {[%emt 00:00:12]}
27. Qb2 {[%clk 00:50:42]} {[%emt 00:00:48]} a5 {[%clk 01:18:02]} {[%emt
00:00:08]} 28. Bb5 {[%clk 00:50:56]} {[%emt 00:00:15]} Rb8 {[%clk 01:18:05]}
{[%emt 00:00:27]} 29. Ba4 {[%clk 00:51:15]} {[%emt 00:00:10]} Ne4 {[%clk
01:18:19]} {[%emt 00:00:17]} 30. O-O {[%clk 00:50:58]} {[%emt 00:00:46]} Rb7
{[%clk 01:18:22]} {[%emt 00:00:27]} 31. Rc1 {[%clk 00:50:37]} {[%emt 00:00:50]}
Kf7 {[%clk 01:18:17]} {[%emt 00:00:36]} 32. Qe2 {[%clk 00:50:07]} {[%emt
00:00:56]} Nc3 {[%clk 01:18:29]} {[%emt 00:00:22]} 33. Qh5+ {[%clk 00:50:00]}
{[%emt 00:00:33]} Kf6 {[%clk 01:18:40]} {[%emt 00:00:24]} 34. Qe5+ {[%clk
00:49:56]} {[%emt 00:00:33]} Kf7 {[%clk 01:18:52]} {[%emt 00:00:18]} 35. Qh5+
{[%clk 00:49:06]} {[%emt 00:01:16]} Kf6 {[%clk 01:19:01]} {[%emt 00:00:25]} 36.
Bc6 {[%clk 00:41:14]} {[%emt 00:08:21]} Rb6 {[%clk 01:19:03]} {[%emt 00:00:29]}
37. Qe5+ {[%clk 00:41:27]} {[%emt 00:00:17]} Kg6 {[%clk 01:18:44]} {[%emt
00:00:49]} 38. Be8+ {[%clk 00:41:46]} {[%emt 00:00:10]} Kh6 {[%clk 01:19:08]}
{[%emt 00:00:07]} 39. Qh5# {[%clk 00:41:38]} {[%emt 00:00:04]} 1-0

[Event "ODJM C 2023"]
[Site "Willingen GER"]
[Date "2023.06.02"]
[Round "8"]
[White "Haunhorst, Elisa"]
[Black "Carstens, Finja"]
[Result "0-1"]
[Termination "normal"]
[Board "16"]
[WhiteElo "1119"]
[BlackElo "1478"]
[WhiteClock "00:00:36"]
[BlackClock "00:00:36"]
[PlyCount "63"]
[WhiteFideId "34640959"]
[BlackFideId "34617841"]
[EventCountry "GER"]
[EventRounds "9"]
[EventType "swiss"]
[EventDate "2023.05.27"]

1. d4 {[%clk 01:30:59]} d5 {[%clk 01:30:55]} {[%emt 00:00:06]} 2. Nc3 {[%clk
01:31:25]} {[%emt 00:00:04]} Nf6 {[%clk 01:31:06]} {[%emt 00:00:19]} 3. Bf4
{[%clk 01:31:44]} {[%emt 00:00:11]} a6 {[%clk 01:31:31]} {[%emt 00:00:05]} 4.
e3 {[%clk 01:31:53]} {[%emt 00:00:21]} e6 {[%clk 01:29:30]} {[%emt 00:02:30]}
5. Nf3 {[%clk 01:31:51]} {[%emt 00:00:32]} c5 {[%clk 01:29:51]} {[%emt
00:00:10]} 6. Qe2 {[%clk 01:29:07]} {[%emt 00:03:13]} Nc6 {[%clk 01:27:38]}
{[%emt 00:02:43]} 7. Rd1 {[%clk 01:21:22]} {[%emt 00:08:15]} b5 {[%clk
01:23:13]} {[%emt 00:04:55]} 8. e4 {[%clk 01:13:39]} {[%emt 00:08:13]} cxd4
{[%clk 01:16:34]} {[%emt 00:07:09]} 9. Nxd4 {[%clk 01:07:59]} {[%emt 00:06:10]}
Nxd4 {[%clk 01:16:33]} {[%emt 00:00:32]} 10. Rxd4 {[%clk 01:06:26]} {[%emt
00:02:03]} Bc5 {[%clk 01:15:18]} {[%emt 00:01:45]} 11. Rd3 {[%clk 01:03:03]}
{[%emt 00:03:52]} O-O {[%clk 01:12:25]} {[%emt 00:03:23]} 12. Qf3 {[%clk
00:58:13]} {[%emt 00:05:20]} Bb7 {[%clk 01:08:39]} {[%emt 00:04:16]} 13. Bg5
{[%clk 00:52:46]} {[%emt 00:05:57]} Be7 {[%clk 00:55:51]} {[%emt 00:13:18]} 14.
Bxf6 {[%clk 00:44:45]} {[%emt 00:08:31]} Bxf6 {[%clk 00:56:10]} {[%emt
00:00:11]} 15. Be2 {[%clk 00:40:26]} {[%emt 00:04:49]} d4 {[%emt 00:24:23]} 16.
Nb1 {[%clk 00:35:13]} {[%emt 00:00:33]} Qa5+ {[%clk 00:24:50]} {[%emt
00:13:08]} 17. c3 {[%clk 00:24:43]} {[%emt 00:11:00]} b4 {[%clk 00:17:56]}
{[%emt 00:07:23]} 18. cxb4 {[%clk 00:17:58]} {[%emt 00:07:16]} Qxb4+ {[%clk
00:17:16]} {[%emt 00:01:10]} 19. Nd2 {[%clk 00:15:17]} {[%emt 00:03:10]} Qxb2
{[%clk 00:12:59]} {[%emt 00:04:47]} 20. a3 {[%clk 00:13:59]} {[%emt 00:01:49]}
Qb6 {[%clk 00:10:20]} {[%emt 00:03:09]} 21. O-O {[%clk 00:12:53]} {[%emt
00:01:27]} Rac8 {[%clk 00:10:13]} {[%emt 00:00:44]} 22. Rb3 {[%clk 00:10:19]}
{[%emt 00:03:05]} Qc7 {[%clk 00:07:49]} {[%emt 00:02:54]} 23. Rfb1 {[%clk
00:09:23]} {[%emt 00:01:26]} Rb8 {[%clk 00:07:14]} {[%emt 00:01:04]} 24. h3
{[%clk 00:06:30]} {[%emt 00:03:23]} Rfc8 {[%clk 00:05:42]} {[%emt 00:02:03]}
25. Nc4 {[%clk 00:05:51]} {[%emt 00:01:08]} Bc6 {[%clk 00:03:21]} {[%emt
00:02:50]} 26. Nb6 {[%clk 00:04:10]} {[%emt 00:02:12]} Rd8 {[%clk 00:03:00]}
{[%emt 00:00:51]} 27. Bxa6 {[%clk 00:03:55]} {[%emt 00:00:45]} Rd6 {[%clk
00:00:33]} {[%emt 00:02:58]} 28. Nc4 {[%clk 00:02:40]} {[%emt 00:01:45]} Rxb3
{[%clk 00:00:38]} {[%emt 00:00:24]} 29. Qxb3 {[%clk 00:02:24]} {[%emt
00:00:45]} Rd8 {[%clk 00:00:37]} {[%emt 00:00:32]} 30. Nd2 {[%clk 00:00:34]}
{[%emt 00:02:20]} d3 {[%clk 00:00:40]} {[%emt 00:00:28]} 31. Bxd3 {[%clk
00:00:36]} {[%emt 00:00:28]} Qd7 {[%clk 00:00:36]} {[%emt 00:00:34]} 32. e5
{[%emt 00:01:27]} 0-1

[Event "ODJM C 2023"]
[Site "Willingen GER"]
[Date "2023.06.02"]
[Round "8"]
[White "Lau, Lars"]
[Black "Geschke, Jonathan"]
[Result "0-1"]
[Termination "normal"]
[Board "17"]
[WhiteElo "1244"]
[BlackElo "1258"]
[WhiteClock "01:26:53"]
[BlackClock "00:04:10"]
[PlyCount "94"]
[WhiteFideId "34623663"]
[BlackFideId "34636129"]
[EventCountry "GER"]
[EventRounds "9"]
[EventType "swiss"]
[EventDate "2023.05.27"]

1. c4 {[%clk 01:30:58]} {[%emt 00:00:02]} e5 {[%clk 01:30:55]} {[%emt
00:00:05]} 2. e3 {[%clk 01:31:26]} {[%emt 00:00:02]} Nc6 {[%clk 01:31:15]}
{[%emt 00:00:10]} 3. Nc3 {[%clk 01:31:51]} {[%emt 00:00:05]} g6 {[%clk
01:31:25]} {[%emt 00:00:19]} 4. b3 {[%clk 01:32:11]} {[%emt 00:00:11]} Bg7
{[%clk 01:31:34]} {[%emt 00:00:21]} 5. Bb2 {[%clk 01:32:36]} {[%emt 00:00:06]}
f5 {[%clk 01:31:30]} {[%emt 00:00:33]} 6. g4 {[%clk 01:32:05]} {[%emt
00:01:01]} d6 {[%clk 01:27:29]} {[%emt 00:04:31]} 7. gxf5 {[%clk 01:32:05]}
{[%emt 00:00:30]} Bxf5 {[%clk 01:27:50]} {[%emt 00:00:08]} 8. Bh3 {[%clk
01:32:07]} {[%emt 00:00:28]} Qd7 {[%clk 01:23:13]} {[%emt 00:05:08]} 9. Bxf5
{[%clk 01:32:07]} {[%emt 00:00:31]} gxf5 {[%clk 01:21:22]} {[%emt 00:02:21]}
10. Qh5+ {[%clk 01:32:19]} {[%emt 00:00:19]} Qf7 {[%clk 01:18:08]} {[%emt
00:03:42]} 11. Qxf7+ {[%clk 01:32:41]} {[%emt 00:00:09]} Kxf7 {[%clk 01:18:31]}
{[%emt 00:00:07]} 12. Nd5 {[%clk 01:32:56]} {[%emt 00:00:16]} Rc8 {[%clk
01:17:03]} {[%emt 00:01:57]} 13. Nh3 {[%clk 01:33:17]} {[%emt 00:00:10]} h6
{[%clk 01:16:02]} {[%emt 00:01:30]} 14. Rg1 {[%clk 01:31:58]} {[%emt 00:01:49]}
Nf6 {[%clk 01:14:55]} {[%emt 00:01:36]} 15. Nxf6 {[%clk 01:30:47]} {[%emt
00:01:42]} Bxf6 {[%clk 01:14:36]} {[%emt 00:00:49]} 16. O-O-O {[%clk 01:31:10]}
{[%emt 00:00:06]} Nb4 {[%clk 01:14:37]} {[%emt 00:00:29]} 17. Kb1 {[%clk
01:31:20]} {[%emt 00:00:21]} Nd3 {[%clk 01:14:12]} {[%emt 00:00:55]} 18. Bc3
{[%clk 01:31:44]} {[%emt 00:00:06]} Rhg8 {[%clk 01:13:45]} {[%emt 00:00:45]}
19. b4 {[%clk 01:30:54]} {[%emt 00:01:32]} Rg4 {[%clk 01:04:43]} {[%emt
00:09:30]} 20. Kc2 {[%clk 01:30:38]} {[%emt 00:00:47]} e4 {[%clk 01:02:36]}
{[%emt 00:02:36]} 21. f3 {[%clk 01:29:21]} {[%emt 00:01:47]} Rh4 {[%clk
00:58:51]} {[%emt 00:03:56]} 22. fxe4 {[%clk 01:29:37]} {[%emt 00:00:34]} Nxb4+
{[%clk 00:55:02]} {[%emt 00:04:19]} 23. Bxb4 {[%clk 01:29:59]} {[%emt
00:00:07]} Rxh3 {[%clk 00:55:13]} {[%emt 00:00:18]} 24. exf5 {[%clk 01:30:17]}
{[%emt 00:00:12]} Rxh2 {[%clk 00:55:05]} {[%emt 00:00:38]} 25. Bc3 {[%clk
01:29:23]} {[%emt 00:01:25]} Re8 {[%clk 00:50:39]} {[%emt 00:04:54]} 26. Rg6
{[%clk 01:28:30]} {[%emt 00:01:24]} Bxc3 {[%clk 00:50:50]} {[%emt 00:00:19]}
27. Kxc3 {[%clk 01:28:56]} {[%emt 00:00:05]} Re5 {[%clk 00:50:23]} {[%emt
00:00:51]} 28. Rdg1 {[%clk 01:29:19]} {[%emt 00:00:13]} Rc5 {[%clk 00:49:40]}
{[%emt 00:01:13]} 29. Rg7+ {[%clk 01:29:36]} {[%emt 00:00:13]} Kf6 {[%clk
00:48:05]} {[%emt 00:02:04]} 30. R1g6+ {[%clk 01:29:58]} {[%emt 00:00:09]} Kxf5
{[%clk 00:47:55]} {[%emt 00:00:40]} 31. Rg4 {[%clk 01:30:22]} {[%emt 00:00:06]}
Rh1 {[%clk 00:39:00]} {[%emt 00:09:24]} 32. Rf4+ {[%clk 01:30:28]} {[%emt
00:00:24]} Ke6 {[%clk 00:38:18]} {[%emt 00:01:12]} 33. d4 {[%clk 01:30:01]}
{[%emt 00:00:58]} Rc1+ {[%clk 00:35:26]} {[%emt 00:03:22]} 34. Kd3 {[%clk
01:29:30]} {[%emt 00:01:01]} R5xc4 {[%clk 00:33:51]} {[%emt 00:02:04]} 35. e4
{[%clk 01:28:53]} {[%emt 00:01:09]} R4c3+ {[%clk 00:32:51]} {[%emt 00:01:29]}
36. Kd2 {[%clk 01:28:31]} {[%emt 00:00:52]} R1c2+ {[%clk 00:32:03]} {[%emt
00:01:17]} 37. Kd1 {[%clk 01:28:53]} {[%emt 00:00:10]} Rxa2 {[%clk 00:31:37]}
{[%emt 00:00:56]} 38. Rfg4 {[%clk 01:29:15]} {[%emt 00:00:08]} Rd3+ {[%clk
00:30:35]} {[%emt 00:01:31]} 39. Kc1 {[%clk 01:28:51]} {[%emt 00:00:55]} Rxd4
{[%clk 00:27:20]} {[%emt 00:03:45]} 40. R4g6+ {[%clk 01:29:07]} {[%emt
00:00:15]} Ke5 {[%clk 00:27:11]} {[%emt 00:00:38]} 41. Rxh6 {[%clk 01:29:24]}
{[%emt 00:00:13]} Rc4+ {[%clk 00:27:25]} {[%emt 00:00:16]} 42. Kb1 {[%clk
01:29:36]} {[%emt 00:00:18]} Rac2 {[%clk 00:26:36]} {[%emt 00:01:19]} 43. Re7+
{[%clk 01:28:45]} {[%emt 00:01:20]} Kd4 {[%clk 00:23:55]} {[%emt 00:03:10]} 44.
e5 {[%clk 01:28:57]} {[%emt 00:00:20]} dxe5 {[%clk 00:17:00]} {[%emt 00:07:25]}
45. Rd7+ {[%clk 01:29:20]} {[%emt 00:00:08]} Ke4 {[%clk 00:12:28]} {[%emt
00:05:02]} 46. Rf7 {[%clk 01:28:22]} {[%emt 00:01:28]} Rc6 {[%clk 00:05:09]}
{[%emt 00:07:49]} 47. Rh1 {[%clk 01:26:53]} {[%emt 00:01:58]} R2c5 {[%clk
00:04:10]} {[%emt 00:01:28]} 0-1

[Event "ODJM C 2023"]
[Site "Willingen GER"]
[Date "2023.06.02"]
[Round "8"]
[White "Müller, Ariana"]
[Black "Dauerer, Leonhard"]
[Result "0-1"]
[Termination "normal"]
[Board "18"]
[WhiteElo "1148"]
[BlackElo "1184"]
[WhiteClock "00:08:40"]
[BlackClock "00:57:28"]
[PlyCount "98"]
[WhiteFideId "34615024"]
[BlackFideId "34640223"]
[EventCountry "GER"]
[EventRounds "9"]
[EventType "swiss"]
[EventDate "2023.05.27"]

1. e4 {[%clk 01:30:59]} {[%emt 00:00:01]} e5 {[%clk 01:30:46]} {[%emt
00:00:14]} 2. Nf3 {[%clk 01:31:24]} {[%emt 00:00:05]} Nc6 {[%clk 01:31:10]}
{[%emt 00:00:06]} 3. d4 {[%clk 01:31:50]} {[%emt 00:00:04]} exd4 {[%clk
01:31:33]} {[%emt 00:00:07]} 4. Bc4 {[%clk 01:32:15]} {[%emt 00:00:04]} Nf6
{[%clk 01:31:30]} {[%emt 00:00:34]} 5. O-O {[%clk 01:32:35]} {[%emt 00:00:10]}
Bc5 {[%clk 01:31:21]} {[%emt 00:00:39]} 6. Bf4 {[%clk 01:31:12]} {[%emt
00:01:52]} O-O {[%clk 01:31:25]} {[%emt 00:00:25]} 7. Bg5 {[%clk 01:30:28]}
{[%emt 00:01:15]} d6 {[%clk 01:31:17]} {[%emt 00:00:38]} 8. h3 {[%clk
01:29:47]} {[%emt 00:01:10]} Be6 {[%clk 01:30:52]} {[%emt 00:00:54]} 9. Bd3
{[%clk 01:27:01]} {[%emt 00:03:17]} Ne5 {[%clk 01:28:58]} {[%emt 00:02:24]} 10.
c3 {[%clk 01:25:12]} {[%emt 00:02:19]} dxc3 {[%clk 01:25:54]} {[%emt 00:03:34]}
11. Nxc3 {[%clk 01:25:11]} {[%emt 00:00:32]} Ng6 {[%clk 01:21:10]} {[%emt
00:05:14]} 12. Re1 {[%clk 01:23:18]} {[%emt 00:02:22]} h6 {[%clk 01:19:35]}
{[%emt 00:02:06]} 13. Bd2 {[%clk 01:16:22]} {[%emt 00:07:26]} Qd7 {[%clk
01:17:18]} {[%emt 00:02:48]} 14. Bf1 {[%clk 01:08:01]} {[%emt 00:08:51]} Rad8
{[%clk 01:15:30]} {[%emt 00:02:18]} 15. Qc1 {[%clk 01:02:11]} {[%emt 00:06:19]}
Kh7 {[%clk 01:09:36]} {[%emt 00:06:25]} 16. Bf4 {[%clk 00:56:13]} {[%emt
00:06:27]} Nh5 {[%clk 01:07:22]} {[%emt 00:02:44]} 17. Bh2 {[%clk 00:51:57]}
{[%emt 00:04:46]} f5 {[%clk 01:06:06]} {[%emt 00:01:47]} 18. e5 {[%clk
00:47:42]} {[%emt 00:04:45]} dxe5 {[%clk 01:03:56]} {[%emt 00:02:40]} 19. Rd1
{[%clk 00:45:00]} {[%emt 00:03:12]} Qe7 {[%clk 01:03:29]} {[%emt 00:00:56]} 20.
Nxe5 {[%clk 00:43:19]} {[%emt 00:02:11]} Nxe5 {[%clk 01:03:49]} {[%emt
00:00:10]} 21. Bxe5 {[%clk 00:43:34]} {[%emt 00:00:15]} g5 {[%clk 01:04:05]}
{[%emt 00:00:14]} 22. Be2 {[%clk 00:42:12]} {[%emt 00:01:51]} Nf6 {[%clk
01:02:50]} {[%emt 00:01:46]} 23. Qc2 {[%clk 00:36:35]} {[%emt 00:06:06]} Bxf2+
{[%clk 01:03:00]} {[%emt 00:00:20]} 24. Kh1 {[%clk 00:32:53]} {[%emt 00:04:11]}
Nd5 {[%clk 01:01:34]} {[%emt 00:01:57]} 25. Nxd5 {[%clk 00:29:26]} {[%emt
00:03:57]} Bxd5 {[%clk 01:01:23]} {[%emt 00:00:41]} 26. Bd3 {[%clk 00:24:23]}
{[%emt 00:05:34]} Qxe5 {[%clk 01:01:27]} {[%emt 00:00:26]} 27. Qxf2 {[%clk
00:24:08]} {[%emt 00:00:44]} c5 {[%clk 01:01:34]} {[%emt 00:00:25]} 28. Rf1
{[%clk 00:21:23]} {[%emt 00:03:15]} Be6 {[%clk 00:59:46]} {[%emt 00:02:18]} 29.
Rae1 {[%clk 00:20:17]} {[%emt 00:01:37]} Qg7 {[%clk 00:58:58]} {[%emt
00:01:18]} 30. Rxe6 {[%clk 00:19:06]} {[%emt 00:01:40]} Rxd3 {[%clk 00:59:18]}
{[%emt 00:00:10]} 31. Qxc5 {[%clk 00:17:52]} {[%emt 00:01:43]} b6 {[%clk
00:59:33]} {[%emt 00:00:16]} 32. Qc2 {[%clk 00:16:39]} {[%emt 00:01:43]} Qd7
{[%clk 00:58:26]} {[%emt 00:01:37]} 33. Rfe1 {[%clk 00:16:19]} {[%emt
00:00:50]} Rf7 {[%clk 00:56:31]} {[%emt 00:02:25]} 34. Kh2 {[%clk 00:15:47]}
{[%emt 00:01:02]} Rd6 {[%clk 00:56:08]} {[%emt 00:00:53]} 35. R6e5 {[%clk
00:15:35]} {[%emt 00:00:42]} Rc6 {[%clk 00:55:12]} {[%emt 00:01:25]} 36. Qe2
{[%clk 00:14:30]} {[%emt 00:01:32]} Qc7 {[%clk 00:54:44]} {[%emt 00:04:05]} 37.
g3 {[%clk 00:12:47]} {[%emt 00:03:22]} Rc2 {[%clk 00:54:35]} {[%emt 00:00:37]}
38. Qxc2 {[%clk 00:12:17]} {[%emt 00:01:02]} Qxc2+ {[%clk 00:55:00]} {[%emt
00:00:05]} 39. R5e2 {[%emt 00:00:32]} Qc5 {[%clk 00:55:03]} 40. Re5 {[%clk
00:12:50]} {[%emt 00:00:22]} Qd4 {[%clk 00:55:13]} {[%emt 00:00:20]} 41. R5e2
{[%clk 00:11:59]} {[%emt 00:01:20]} Qb4 {[%clk 00:54:58]} {[%emt 00:00:45]} 42.
b3 {[%clk 00:12:13]} {[%emt 00:00:17]} Rd7 {[%clk 00:55:20]} {[%emt 00:00:08]}
43. Kh1 {[%clk 00:11:41]} {[%emt 00:01:02]} Qc3 {[%clk 00:55:37]} {[%emt
00:00:12]} 44. Kh2 {[%clk 00:11:11]} {[%emt 00:01:01]} Rd2 {[%clk 00:56:02]}
{[%emt 00:00:05]} 45. Kg1 {[%clk 00:09:42]} {[%emt 00:01:58]} Qxg3+ {[%clk
00:56:21]} {[%emt 00:00:12]} 46. Kh1 {[%clk 00:07:52]} {[%emt 00:02:19]} Rxe2
{[%clk 00:56:46]} {[%emt 00:00:06]} 47. Rxe2 {[%clk 00:08:09]} {[%emt
00:00:14]} Qf3+ {[%clk 00:57:13]} {[%emt 00:00:03]} 48. Rg2 {[%clk 00:08:25]}
{[%emt 00:00:13]} Qf1+ {[%clk 00:57:28]} {[%emt 00:00:15]} 49. Rg1 {[%clk
00:08:40]} {[%emt 00:00:14]} Qxh3# {[%emt 00:00:50]} 0-1